| 000 | 00940cab a2200229 4500 | ||
|---|---|---|---|
| 001 | ABS67608 | ||
| 008 | 040317n2004 000 0 eng u | ||
| 035 | _a(Sirsi) u125446 | ||
| 100 | _aIves, P. | ||
| 245 | _aLondon office markets - three years to next peak in demand? | ||
| 260 | _c2004 | ||
| 490 |
_aProperty Forecast _v7(2) February 2004, 6-7(2) |
||
| 520 | _aLooks at the prospects for the London letting and development office market for the next two years and beyond. Using data compiled by the Metropolis database of company move intentions and London Cityoffices, considers possible future trends by way of an examination of recent demand and supply statistics. Tables and chart. | ||
| 590 | _aABS | ||
| 650 | _aLONDON | ||
| 650 | _aOFFICE | ||
| 650 | _aOFFICE MARKET SURVEY | ||
| 650 | _aOFFICE DEMAND | ||
| 650 | _aOFFICE RENTALS | ||
| 690 | _aPROPERTY-COMMERCIAL PROPERTY-COMMERCIAL PROPERTY MARKET | ||
| 942 | _n0 | ||
| 999 |
_c74277 _d74277 |
||